000 01079cab a2200229 4500
001 X84138
008 090401t1997 xxu||||| |||| 00| 0 eng d
035 _a(Sirsi) u78526
041 _aeng
245 _aNational Trust for Places of Historic Interest or Natural Beauty v Knipe
260 _c1997
350 _a0
490 _aNew Property Cases
_v1997 NPC 75
520 _aCA 15 May 1997. A farmhouse, outbuildings and 350 acres of pasture held not to constitute `premises let as a dwelling` for the purposes of the Protection from Eviction Act 1977 s.5, and therefore a notice to quit delivered to its tenants did not need to comply with the Notice to Quit etc. (Prescribed Information) Regulations 1988. (Headnote taken from journal) NB. NO PHOTOCOPYING ALLOWED.
650 _aAGRICULTURAL HOLDINGS ACT 1986
650 _aFARMHOUSE
650 _aNOTICE TO QUIT ETC. (PRESCRIBED INFORMATION) REGULATIONS 1988
650 _aPROTECTION FROM EVICTION ACT 1977 S5
690 _aLANDLORD AND TENANT-CASE LAW-AGRICULTURAL TENANCIES
942 _n0
948 _c22/05/1997
999 _c49403
_d49403